000 00733nam a2200205Ia 4500
003 GCL
008 140319s9999 xx 000 0 ara d
040 _aGCL /
_cGCL
082 0 4 _aد
_b332.175
_bح ع
100 1 _aحليم وهبه
245 1 0 _aعلاقات مصرفية ( كتاب الاهرام الاقتصادى ع228 سبتمبر 2006 ) /
_cحليم وهبه
260 _aالقاهرة :
_bمؤسسة الاهرام ،
_c2006
300 _a104 ص ؛
_c24 سم
490 _aكتاب الاهرام الاقتصادى
_v228
650 0 4 _aالبنوك
650 0 4 _aالبنوك - الحسابات المصرفية
650 0 4 _aالبنوك - خدمات
650 0 4 _aالحماية المصرفية
942 _2ddc
_cBK
999 _c8825
_d8825